000 00499nam a22001817a 4500
005 20230327081833.0
008 230327b |||||||| |||| 00| 0 eng d
020 _a0-446-61039-9
082 _aFic. Sp736 2000
100 _aSparks, Nicholas
_eauthor
245 _aThe rescue /
_cNicholas Sparks
260 _aNew York:
_bWarner Books,
_cc2000
300 _a420p.
541 _e5490
650 _aMan - woman relationships - Fiction
650 _aLove stories
650 _aMissing children - Fiction
999 _c1996
_d1996